Score 0/15 Timer 05:00
1 Play Today
Hint Country % Correct
CountryAlgeria
86.4%
Country with No Land BordersMadagascar
71.6%
Country Bordering South AfricaNamibia
62.5%
Country Whose Name Contains a 'Y'Libya
58.7%
Landlocked CountryChad
57.5%
Country Bordering the Indian OceanSouth Africa
55.5%
Country Not Bordering LibyaDemocratic Republic of the Congo
54.8%
Country Containing a Portion of Lake VictoriaTanzania
54.3%
Hint Country % Correct
Country Whose Name Does Not Contain an 'a'Niger
52.9%
Country Bordering GuineaMali
47.3%
Country Whose Name Contains a 'V'Côte d'Ivoire
41.3%
Country Whose Name Ends in 'S'Comoros
36.3%
6-Letter CountryAngola
34.9%
Country With a MonarchMorocco
25.1%
Country Whose Capital's Name Ends with 'U'Somalia
19.3%
Remove Ads.
Support Sporcle.
Get the best of Sporcle when you Go Orange. This ad-free experience offers more features, more stats, and more fun while also helping to support Sporcle. Thank you for becoming a member.

You're not logged in!

Compare scores with friends on all Sporcle quizzes.
OR
Log In

Show Comments

Extras

Top Quizzes Today


Score Distribution

Your Account Isn't Verified!

In order to create a playlist on Sporcle, you need to verify the email address you used during registration. Go to your Sporcle Settings to finish the process.

Report this User

Report this user for behavior that violates our Community Guidelines.

Details: